000 00298nam a2200133Ia 4500
100 _aGeissman/T.A/ Bhattacharya
650 _aChemistry
942 _cBK
654 _aOrganic
245 _aPrinciples of organic chemistry
260 _bW.H Freeman& co
_c2001
082 _a547
546 _aENGLISH
999 _c26032
_d26032